000 01319nam a2200313Ia 4500
999 _c5764
_d5764
003 OSt
005 20200618200427.0
008 191128s1990 sp ad gr 000 0dspa d
020 _a8403182430
040 _aCO-JMCR
_cCO-JMCR
041 1 _aspa
_heng
082 0 4 _a330.15 /
_bO819h
_223
100 1 _aOser, Jacob,
_eautor
_95801
245 1 0 _aHistoria del pensamiento económico /
_cJacob Oser, William C. Blanchfield ; traducción del inglés por Paloma Maldonado Pallas
250 _aPrimera edición
260 _aMadrid :
_bAguilar,
_c1980.
300 _axx, 559 páginas :
_bgráficos a blanco y negro ;
_c21 cm.
490 0 _aBiblioteca de ciencias sociales. Sección economía
504 _aBibliografía al final de cada capítulo.
505 0 _aLa escuela mercantilista -- La escuela fisiocrática -- La escuela clásica: precursores -- La escuela clásica: Adam Smith -- La escuela clásica: David Ricardo -- La escuela clásica: Thomas Robert Malthus
534 _pThe evolution of economic thought
546 _aTraducido del inglés
650 1 4 _aPensamiento económico
_95802
650 2 4 _aHistoria económica
_95803
650 2 4 _aTeoría económica
_95804
700 1 _aBlanchfield, William C.,
_eautor
_95805
700 1 _aMaldonado Pallas, Paloma,
_etraductora
_95806
942 _2ddc
_cBK